Music Quiz

Random Music or Billboard Quiz

5-Letter #1 Songs Quiz Stats

 Plays Quiz Updated Mar 3, 2016

Challenge
Share
Tweet
Embed
Score 0/38 Timer 06:00
2 Plays Today
Year Title % Correct
2015Hello
89.9%
1984Hello
89.9%
2014Happy
82.9%
2003*#Hey Ya!
62.6%
2016Sorry
55.3%
2014Fancy
47.6%
1987Faith
45.8%
1990Vogue
45.6%
2016Panda
36.5%
1975Mandy
36.1%
1959Venus
33.2%
1970Venus
33.2%
1986Venus
33.2%
1985Shout
33.2%
1987Alone
30.3%
2001Angel
28.6%
2000Music
26.6%
1973Angie
26.4%
2007*No One
24.2%
Year Title % Correct
1968Honey
23.6%
1997Honey
23.6%
1995Creep
22.9%
2006#Ridin'
21.4%
1986Kyrie
19.8%
1986Human
18.1%
2004*My Boo
17%
1964*My Guy
14.4%
1991Cream
14.1%
2005*#Run It!
13.7%
1967Windy
12%
1980Magic
11%
1969Dizzy
9.2%
1982Truly
8%
1993Again
8%
1977*I Wish
7.5%
1979Still
7.4%
1964Ringo
7.3%
1998*My All
5.3%

You're not logged in!

Compare scores with friends on all Sporcle quizzes.
OR
Log In

You Might Also Like...

Show Comments

Extras

Top Quizzes Today


Score Distribution

Your Account Isn't Verified!

In order to create a playlist on Sporcle, you need to verify the email address you used during registration. Go to your Sporcle Settings to finish the process.

Report this User

Report this user for behavior that violates our Community Guidelines.

Details: